| 000 | 02247cam a22003497i 4500 | ||
|---|---|---|---|
| 999 |
_c126809 _d126809 |
||
| 001 | 18085389 | ||
| 003 | ARRUPE | ||
| 005 | 20170829104617.0 | ||
| 008 | 140328s2013 enk b 001 0 eng d | ||
| 010 | _a 2013388274 | ||
| 015 |
_aGBB2A4710 _2bnb |
||
| 020 | _a9780567272898 (hbk.) | ||
| 020 | _a0567272893 (hbk.) | ||
| 035 | _a(OCoLC)ocn853247202 | ||
| 040 |
_aNLE _beng _cNLE _erda _dOCLCO _dYDXCP _dNDD _dBDX _dLNT _dDLC |
||
| 042 | _alccopycat | ||
| 050 | 0 | 0 |
_aBS2655.L47 _bS65 2013 |
| 082 | 0 | 4 |
_a227.306 _223 |
| 100 |
_aBarton, John _935326 |
||
| 245 | 0 | 4 |
_aThe spirit and the letter : _bstudies in the Biblical Canon / _cJohn Barton |
| 260 |
_aLondon _bSPCK _c1997 |
||
| 300 |
_axiii, 210p. ; _c22 cm. |
||
| 650 | 0 |
_aBible _xCanon _935327 |
|
| 650 | 0 |
_aBible _xEvidences, authority _935328 |
|
| 906 |
_a7 _bcbc _ccopycat _d2 _encip _f20 _gy-gencatlg |
||
| 942 |
_2lcc _cMONOGRAPH |
||